| 000 | 00528nam a22001697a 4500 | ||
|---|---|---|---|
| 003 | OSt | ||
| 005 | 20160602155618.0 | ||
| 008 | 131001t xxu||||| |||| 00| 0 eng d | ||
| 020 | _a0871201712 | ||
| 050 |
_aLB 1121 _b.G562 1990 |
||
| 082 |
_aGLT 375.0082 _bG51 1990 |
||
| 245 |
_aGlobal education : from thought to action / _cedited by Kenneth A. Tye. |
||
| 260 |
_aAlexandria, Va : _bAssociation for Supervision and Curriculum Development, _c1990 |
||
| 300 |
_a184 p.: _bill. ; _c23 cm. |
||
| 942 |
_2lcc _cBK |
||
| 999 |
_c12598 _d12598 |
||